[Event "U14 Polish Youth Championship"]
[Site "chess24.com"]
[Date "2018.04.29"]
[Round "1"]
[White "Gorkiewicz, Mateusz"]
[Black "Jozefczyk, Szymon"]
[Result "1/2-1/2"]
[Board "17"]
[WhiteElo "1854"]
[WhiteCountry "POL"]
[WhiteFideId "21807299"]
[WhiteEloChange "-7"]
[BlackElo "1562"]
[BlackCountry "POL"]
[BlackFideId "21837171"]
[BlackEloChange "7"]

1. e4 {[%clk 1:30:56]} c5 {[%clk 1:30:47]} 2. Nf3 {[%clk 1:31:20]} d6 {[%clk
1:30:55]} 3. d4 {[%clk 1:31:42]} cxd4 {[%clk 1:31:04]} 4. Nxd4 {[%clk 1:32:06]}
Nf6 {[%clk 1:31:18]} 5. Nc3 {[%clk 1:32:29]} a6 {[%clk 1:31:31]} 6. Be2 {[%clk
1:32:31]} e5 {[%clk 1:31:12]} 7. Nb3 {[%clk 1:32:51]} Be7 {[%clk 1:31:15]} 8. O-O
{[%clk 1:33:10]} O-O {[%clk 1:31:03]} 9. Be3 {[%clk 1:33:23]} Be6 {[%clk
1:30:23]} 10. f4 {[%clk 1:33:21]} exf4 {[%clk 1:28:58]} 11. Rxf4 {[%clk 1:33:39]}
Nbd7 {[%clk 1:27:05]} 12. Nd5 {[%clk 1:22:56]} Bxd5 {[%clk 1:24:55]} 13. exd5
{[%clk 1:23:16]} Ne5 {[%clk 1:20:27]} 14. c4 {[%clk 1:23:21]} Rc8 {[%clk
1:15:55]} 15. Rc1 {[%clk 1:23:36]} Nfd7 {[%clk 1:12:15]} 16. Rf1 {[%clk 1:23:49]}
Bg5 {[%clk 1:07:37]} 17. Bxg5 {[%clk 1:23:54]} Qxg5 {[%clk 1:07:04]} 18. Rc3
{[%clk 1:23:57]} Nc5 {[%clk 0:57:15]} 19. Rg3 {[%clk 1:11:42]} Qd8 {[%clk
0:52:17]} 20. Qd4 {[%clk 1:05:28]} Nxb3 {[%clk 0:47:21]} 21. axb3 {[%clk
1:04:44]} Qa5 {[%clk 0:42:04]} 22. Kh1 {[%clk 0:53:19]} Qc5 {[%clk 0:36:22]} 23.
Qf4 {[%clk 0:48:45]} Rce8 {[%clk 0:32:56]} 24. Bd1 {[%clk 0:34:14]} Qc7 {[%clk
0:28:55]} 25. Bc2 {[%clk 0:32:05]} Ng6 {[%clk 0:25:22]} 26. Qg4 {[%clk 0:29:20]}
Qe7 {[%clk 0:23:24]} 27. Bd3 {[%clk 0:26:52]} Qe5 {[%clk 0:21:00]} 28. h4 {[%clk
0:16:11]} h5 {[%clk 0:14:11]} 29. Qg5 {[%clk 0:15:56]} Qxg5 {[%clk 0:13:52]} 30.
Rxg5 {[%clk 0:16:05]} Ne5 {[%clk 0:12:59]} 31. Be2 {[%clk 0:12:23]} f6 {[%clk
0:12:27]} 32. Rg3 {[%clk 0:12:04]} Nd7 {[%clk 0:09:04]} 33. Bxh5 {[%clk 0:12:16]}
Re4 {[%clk 0:08:54]} 34. Bg4 {[%clk 0:11:36]} Ne5 {[%clk 0:08:48]} 35. Be6+
{[%clk 0:11:27]} Kh8 {[%clk 0:09:04]} 36. Rh3 {[%clk 0:07:54]} Re2 {[%clk
0:08:30]} 37. Rb1 {[%clk 0:07:23]} Ng6 {[%clk 0:07:44]} 38. Bg4 {[%clk 0:07:10]}
Rf2 {[%clk 0:07:20]} 39. h5 {[%clk 0:06:26]} Ne5 {[%clk 0:07:04]} 40. Be6 {[%clk
0:06:35]} Kh7 {[%clk 0:07:10]} 41. Kg1 {[%clk 0:06:48]} Re2 {[%clk 0:06:53]} 42.
Kf1 {[%clk 0:05:56]} Rd2 {[%clk 0:06:34]} 43. Bf5+ {[%clk 0:05:37]} Kh6 {[%clk
0:06:28]} 44. g4 {[%clk 0:03:37]} Rh8 {[%clk 0:04:58]} 45. Rg3 {[%clk 0:02:21]}
Kg5 {[%clk 0:04:28]} 46. Be6 {[%clk 0:02:02]} Rh2 {[%clk 0:02:05]} 47. Kg1 {[%clk
0:02:08]} Rd2 {[%clk 0:02:26]} 48. Rc1 {[%clk 0:00:36]} Rxb2 {[%clk 0:02:08]} 49.
c5 {[%clk 0:01:02]} Kf4 {[%clk 0:01:47]} 50. Rgc3 {[%clk 0:00:44]} dxc5 {[%clk
0:01:55]} 51. Rf1+ {[%clk 0:00:51]} Ke4 {[%clk 0:01:18]} 52. Rxc5 {[%clk
0:01:03]} Nf3+ {[%clk 0:00:44]} 53. Rxf3 {[%clk 0:01:27]} Kxf3 {[%clk 0:01:09]}
54. d6 {[%clk 0:01:49]} Rb1+ {[%clk 0:00:47]} 55. Kh2 {[%clk 0:02:13]} Rb2+
{[%clk 0:01:07]} 56. Kg1 {[%clk 0:00:46]} Rb1+ {[%clk 0:00:45]} 57. Kh2 {[%clk
0:01:11]} Rb2+ {[%clk 0:01:00]} 58. Kg1 {[%clk 0:00:43]} Rb1+ {[%clk 0:01:00]}
59. Kh2 {[%clk 0:00:43]} g6 {[%clk 0:01:00]} 1/2-1/2

[Event "U14 Polish Youth Championship"]
[Site "chess24.com"]
[Date "2018.04.29"]
[Round "1"]
[White "Majewski, Krzysztof"]
[Black "Trybus, Daniel"]
[Result "1-0"]
[Board "18"]
[WhiteElo "1555"]
[WhiteCountry "POL"]
[WhiteFideId "21800456"]
[WhiteEloChange "17"]
[BlackElo "1831"]
[BlackCountry "POL"]
[BlackFideId "21816131"]
[BlackEloChange "-17"]

1. e4 {[%clk 1:30:55]} c6 {[%clk 1:30:54]} 2. d4 {[%clk 1:31:22]} d5 {[%clk
1:31:22]} 3. exd5 {[%clk 1:31:39]} cxd5 {[%clk 1:31:35]} 4. c4 {[%clk 1:32:05]}
Nf6 {[%clk 1:30:46]} 5. Nc3 {[%clk 1:32:29]} Nc6 {[%clk 1:29:33]} 6. Nf3 {[%clk
1:31:37]} Bg4 {[%clk 1:25:49]} 7. Be3 {[%clk 1:30:02]} e6 {[%clk 1:23:38]} 8. Be2
{[%clk 1:30:17]} Bb4 {[%clk 1:21:17]} 9. O-O {[%clk 1:30:34]} dxc4 {[%clk
1:20:42]} 10. Bxc4 {[%clk 1:27:24]} O-O {[%clk 1:20:32]} 11. Be2 {[%clk 1:27:03]}
Rc8 {[%clk 1:19:21]} 12. Ne5 {[%clk 1:24:36]} Bxe2 {[%clk 1:11:47]} 13. Nxe2
{[%clk 1:24:37]} Qa5 {[%clk 1:00:04]} 14. a3 {[%clk 1:22:27]} Bd6 {[%clk
0:59:17]} 15. Nc4 {[%clk 1:21:59]} Qc7 {[%clk 0:54:58]} 16. Nxd6 {[%clk 1:22:14]}
Qxd6 {[%clk 0:55:22]} 17. Bf4 {[%clk 1:22:37]} Qd5 {[%clk 0:54:26]} 18. Rc1
{[%clk 1:16:44]} Rfd8 {[%clk 0:53:24]} 19. Rc5 {[%clk 1:13:57]} Qa2 {[%clk
0:50:38]} 20. Qc2 {[%clk 1:04:54]} Rd5 {[%clk 0:44:29]} 21. Rc4 {[%clk 0:58:00]}
Rb5 {[%clk 0:40:44]} 22. Rb1 {[%clk 0:58:15]} Qb3 {[%clk 0:37:40]} 23. Kf1 {[%clk
0:50:48]} Rd8 {[%clk 0:36:00]} 24. Qxb3 {[%clk 0:50:18]} Rxb3 {[%clk 0:36:12]}
25. a4 {[%clk 0:49:15]} Rd3 {[%clk 0:30:25]} 26. Be3 {[%clk 0:47:13]} Ng4 {[%clk
0:29:37]} 27. Rc3 {[%clk 0:47:25]} Nxh2+ {[%clk 0:28:52]} 28. Ke1 {[%clk
0:47:07]} Rxc3 {[%clk 0:27:49]} 29. bxc3 {[%clk 0:47:32]} Ng4 {[%clk 0:27:00]}
30. Rxb7 {[%clk 0:47:17]} Rc8 {[%clk 0:21:16]} 31. Kd2 {[%clk 0:47:00]} Kf8
{[%clk 0:20:29]} 32. Ng3 {[%clk 0:46:58]} Ne7 {[%clk 0:14:05]} 33. Ne4 {[%clk
0:44:55]} Nf5 {[%clk 0:08:49]} 34. Bf4 {[%clk 0:43:27]} e5 {[%clk 0:07:35]} 35.
Bxe5 {[%clk 0:40:31]} Nxe5 {[%clk 0:05:46]} 36. dxe5 {[%clk 0:40:49]} Re8 {[%clk
0:01:13]} 37. Nd6 {[%clk 0:40:11]} Nxd6 {[%clk 0:01:42]} 38. exd6 {[%clk
0:40:30]} Rd8 {[%clk 0:01:23]} 39. d7 {[%clk 0:40:54]} Ke7 {[%clk 0:01:23]} 40.
Rxa7 {[%clk 0:41:17]} h5 {[%clk 0:01:36]} 41. Ke3 {[%clk 0:41:39]} h4 {[%clk
0:00:58]} 42. a5 {[%clk 0:41:43]} g5 {[%clk 0:01:06]} 43. a6 {[%clk 0:42:06]} Rg8
{[%clk 0:01:01]} 44. Rb7 {[%clk 0:39:58]} g4 {[%clk 0:00:39]} 45. a7 {[%clk
0:40:12]} h3 {[%clk 0:00:38]} 46. gxh3 {[%clk 0:40:36]} gxh3 {[%clk 0:01:03]} 47.
Rb8 {[%clk 0:41:02]} h2 {[%clk 0:01:20]} 48. Rxg8 {[%clk 0:41:21]} h1Q {[%clk
0:01:31]} 49. d8Q+ {[%clk 0:41:38]} Ke6 {[%clk 0:01:56]} 50. Re8+ {[%clk
0:41:45]} Kf5 {[%clk 0:02:20]} 51. Qd7+ {[%clk 0:41:56]} Kf6 {[%clk 0:02:20]} 52.
Qd6+ {[%clk 0:41:57]} Kg7 {[%clk 0:03:06]} 53. Qe5+ {[%clk 0:42:17]} 1-0

[Event "U14 Polish Youth Championship"]
[Site "chess24.com"]
[Date "2018.04.29"]
[Round "1"]
[White "Turski, Bartlomiej"]
[Black "Czarnomski, Dominik"]
[Result "1-0"]
[Board "19"]
[WhiteElo "1830"]
[WhiteCountry "POL"]
[WhiteFideId "21810567"]
[WhiteEloChange "3"]
[BlackElo "1554"]
[BlackCountry "POL"]
[BlackFideId "21836086"]
[BlackEloChange "-3"]

1. e4 {[%clk 1:30:57]} e6 {[%clk 1:30:59]} 2. d4 {[%clk 1:31:19]} d5 {[%clk
1:31:27]} 3. Nd2 {[%clk 1:31:41]} Nc6 {[%clk 1:28:26]} 4. Ngf3 {[%clk 1:31:31]}
Nf6 {[%clk 1:27:52]} 5. e5 {[%clk 1:31:40]} Nd7 {[%clk 1:27:58]} 6. Bd3 {[%clk
1:31:52]} f6 {[%clk 1:18:39]} 7. Ng5 {[%clk 1:31:48]} fxg5 {[%clk 1:16:41]} 8.
Qh5+ {[%clk 1:31:52]} g6 {[%clk 1:10:18]} 9. Bxg6+ {[%clk 1:32:11]} hxg6 {[%clk
1:10:39]} 10. Qxg6+ {[%clk 1:32:08]} Ke7 {[%clk 1:10:19]} 11. Ne4 {[%clk
1:28:56]} Bh6 {[%clk 1:05:31]} 12. Bxg5+ {[%clk 1:28:10]} Bxg5 {[%clk 1:03:52]}
13. Qg7+ {[%clk 1:28:22]} Ke8 {[%clk 1:00:45]} 14. Qxh8+ {[%clk 1:28:46]} Kf7
{[%clk 0:52:16]} 15. Qh5+ {[%clk 1:28:48]} Kg8 {[%clk 0:50:08]} 16. Qg6+ {[%clk
1:28:59]} Kf8 {[%clk 0:47:26]} 17. Nxg5 {[%clk 1:29:24]} Ndxe5 {[%clk 0:44:21]}
18. dxe5 {[%clk 1:29:04]} Nxe5 {[%clk 0:44:29]} 19. Nh7+ {[%clk 1:28:42]} Ke7
{[%clk 0:44:47]} 20. Qf6+ {[%clk 1:29:08]} 1-0

[Event "U14 Polish Youth Championship"]
[Site "chess24.com"]
[Date "2018.04.29"]
[Round "1"]
[White "Iwaszkiewicz, Krzysztof"]
[Black "Skurniak, Szymon"]
[Result "0-1"]
[Board "20"]
[WhiteElo "1530"]
[WhiteCountry "POL"]
[WhiteFideId "21810222"]
[WhiteEloChange "-3"]
[BlackElo "1821"]
[BlackCountry "POL"]
[BlackFideId "21805571"]
[BlackEloChange "3"]

1. d4 {[%clk 1:30:30]} Nf6 {[%clk 1:30:30]} 2. c4 {[%clk 1:30:30]} g6 {[%clk
1:30:30]} 3. Nc3 {[%clk 1:30:52]} d5 {[%clk 1:30:52]} 4. cxd5 {[%clk 1:31:18]}
Nxd5 {[%clk 1:31:19]} 5. e4 {[%clk 1:31:42]} Nxc3 {[%clk 1:31:45]} 6. bxc3 {[%clk
1:32:07]} Bg7 {[%clk 1:31:54]} 7. Be3 {[%clk 1:32:15]} c5 {[%clk 1:31:49]} 8. Bc4
{[%clk 1:32:31]} Nc6 {[%clk 1:31:16]} 9. Ne2 {[%clk 1:32:54]} O-O {[%clk
1:31:00]} 10. O-O {[%clk 1:33:16]} Qc7 {[%clk 1:29:56]} 11. Rc1 {[%clk 1:33:39]}
Rd8 {[%clk 1:29:44]} 12. Qc2 {[%clk 1:30:58]} Na5 {[%clk 1:28:00]} 13. Bd3 {[%clk
1:28:09]} c4 {[%clk 1:27:44]} 14. Nf4 {[%clk 1:24:10]} cxd3 {[%clk 1:27:58]} 15.
Qxd3 {[%clk 1:24:21]} Qc4 {[%clk 1:26:54]} 16. Qc2 {[%clk 1:21:24]} e5 {[%clk
1:17:52]} 17. dxe5 {[%clk 1:17:12]} Bxe5 {[%clk 1:16:45]} 18. Ne2 {[%clk
1:15:40]} Nc6 {[%clk 1:15:01]} 19. Rfd1 {[%clk 1:13:07]} Be6 {[%clk 1:14:15]} 20.
Rxd8+ {[%clk 1:12:09]} Rxd8 {[%clk 1:14:40]} 21. Rb1 {[%clk 1:10:49]} Qxa2 {[%clk
1:13:35]} 22. Rb2 {[%clk 1:10:19]} Qxb2 {[%clk 1:13:45]} 0-1

[Event "U14 Polish Youth Championship"]
[Site "chess24.com"]
[Date "2018.04.29"]
[Round "1"]
[White "Cwiek, Ryszard"]
[Black "Bukala, Norbert"]
[Result "1-0"]
[Board "21"]
[WhiteElo "1809"]
[WhiteCountry "POL"]
[WhiteFideId "21840920"]
[WhiteEloChange "2"]
[BlackElo "1453"]
[BlackCountry "POL"]
[BlackFideId "21819971"]
[BlackEloChange "-2"]

1. e4 {[%clk 1:30:30]} c5 {[%clk 1:30:30]} 2. Ne2 {[%clk 1:30:44]} Nc6 {[%clk
1:29:53]} 3. g3 {[%clk 1:30:24]} g6 {[%clk 1:29:11]} 4. Bg2 {[%clk 1:29:40]} Bg7
{[%clk 1:29:30]} 5. c3 {[%clk 1:29:08]} Qb6 {[%clk 1:21:09]} 6. d3 {[%clk
1:27:22]} e6 {[%clk 1:17:30]} 7. Na3 {[%clk 1:26:16]} d6 {[%clk 0:57:56]} 8. O-O
{[%clk 1:21:20]} Nge7 {[%clk 0:56:38]} 9. Rb1 {[%clk 1:17:28]} O-O {[%clk
0:49:05]} 10. Be3 {[%clk 1:14:54]} Qd8 {[%clk 0:46:31]} 11. d4 {[%clk 1:13:19]}
b6 {[%clk 0:42:52]} 12. Nc2 {[%clk 1:11:42]} Qc7 {[%clk 0:38:17]} 13. b4 {[%clk
1:07:19]} Rd8 {[%clk 0:35:30]} 14. Qc1 {[%clk 1:06:19]} cxd4 {[%clk 0:32:23]} 15.
Ncxd4 {[%clk 1:05:37]} e5 {[%clk 0:30:54]} 16. Nxc6 {[%clk 1:01:44]} Qxc6 {[%clk
0:27:19]} 17. c4 {[%clk 0:58:01]} Be6 {[%clk 0:25:06]} 18. c5 {[%clk 0:56:26]}
bxc5 {[%clk 0:21:56]} 19. bxc5 {[%clk 0:55:34]} d5 {[%clk 0:21:13]} 20. exd5
{[%clk 0:54:47]} Bxd5 {[%clk 0:19:42]} 21. Bxd5 {[%clk 0:54:23]} Nxd5 {[%clk
0:19:20]} 22. Nc3 {[%clk 0:53:25]} Nxe3 {[%clk 0:18:02]} 23. Qxe3 {[%clk
0:53:39]} Rd4 {[%clk 0:16:36]} 24. Nb5 {[%clk 0:51:30]} Rd5 {[%clk 0:15:28]} 25.
Rfc1 {[%clk 0:50:29]} Bf8 {[%clk 0:12:30]} 26. Qf3 {[%clk 0:47:22]} a6 {[%clk
0:05:51]} 27. Nc7 {[%clk 0:47:05]} e4 {[%clk 0:04:49]} 28. Qb3 {[%clk 0:46:20]}
Rd3 {[%clk 0:02:59]} 29. Qb6 {[%clk 0:45:42]} Qxb6 {[%clk 0:01:04]} 30. cxb6
{[%clk 0:45:59]} Rb8 {[%clk 0:00:36]} 31. Nxa6 {[%clk 0:45:07]} Ra8 {[%clk
0:00:32]} 32. b7 {[%clk 0:45:08]} Rxa6 {[%clk 0:00:47]} 33. b8Q {[%clk 0:45:17]}
Rad6 {[%clk 0:00:50]} 34. Rc8 {[%clk 0:45:26]} Rd1+ {[%clk 0:01:05]} 35. Rxd1
{[%clk 0:45:45]} Rxd1+ {[%clk 0:01:30]} 36. Kg2 {[%clk 0:46:08]} Rd2 {[%clk
0:01:41]} 37. Rxf8+ {[%clk 0:45:48]} Kg7 {[%clk 0:02:07]} 38. Rxf7+ {[%clk
0:46:02]} Kxf7 {[%clk 0:02:30]} 39. Qf4+ {[%clk 0:46:28]} Kg7 {[%clk 0:02:51]}
40. Qxd2 {[%clk 0:46:52]} e3 {[%clk 0:03:18]} 41. fxe3 {[%clk 0:47:11]} h5 {[%clk
0:03:35]} 42. e4 {[%clk 0:47:19]} h4 {[%clk 0:03:59]} 43. gxh4 {[%clk 0:47:40]}
Kh7 {[%clk 0:04:20]} 44. Qg5 {[%clk 0:48:04]} Kh8 {[%clk 0:04:41]} 45. e5 {[%clk
0:48:23]} Kh7 {[%clk 0:05:02]} 46. e6 {[%clk 0:48:44]} Kh8 {[%clk 0:05:25]} 47.
e7 {[%clk 0:48:53]} Kh7 {[%clk 0:05:51]} 48. e8Q {[%clk 0:48:26]} Kg7 {[%clk
0:06:11]} 49. Qgxg6# {[%clk 0:48:47]} 1-0

[Event "U14 Polish Youth Championship"]
[Site "chess24.com"]
[Date "2018.04.29"]
[Round "1"]
[White "Czarniecki, Pawel"]
[Black "Kacprzak, Karol"]
[Result "0-1"]
[Board "22"]
[WhiteElo "1412"]
[WhiteCountry "POL"]
[WhiteFideId "21810109"]
[WhiteEloChange "-2"]
[BlackElo "1794"]
[BlackCountry "POL"]
[BlackFideId "21819327"]
[BlackEloChange "2"]

1. e4 {[%clk 1:30:57]} c5 {[%clk 1:30:54]} 2. Nf3 {[%clk 1:31:23]} d6 {[%clk
1:31:07]} 3. d4 {[%clk 1:31:46]} cxd4 {[%clk 1:31:11]} 4. Nxd4 {[%clk 1:32:10]}
Nf6 {[%clk 1:31:03]} 5. Nc3 {[%clk 1:32:33]} a6 {[%clk 1:30:32]} 6. Be2 {[%clk
1:32:45]} e6 {[%clk 1:29:19]} 7. O-O {[%clk 1:32:54]} Qc7 {[%clk 1:27:54]} 8. Be3
{[%clk 1:30:51]} b5 {[%clk 1:24:20]} 9. a3 {[%clk 1:30:46]} Bb7 {[%clk 1:24:30]}
10. Bd3 {[%clk 1:29:50]} d5 {[%clk 1:16:45]} 11. Qf3 {[%clk 1:21:54]} Bd6 {[%clk
1:07:50]} 12. h3 {[%clk 1:17:57]} Nbd7 {[%clk 1:05:45]} 13. exd5 {[%clk 1:14:17]}
Nxd5 {[%clk 1:06:05]} 14. Nxd5 {[%clk 1:11:29]} Bxd5 {[%clk 1:06:23]} 15. Qe2
{[%clk 1:11:02]} O-O {[%clk 1:05:30]} 16. f3 {[%clk 1:01:52]} Nc5 {[%clk
1:00:44]} 17. Rac1 {[%clk 0:56:24]} Rac8 {[%clk 0:58:04]} 18. Qd2 {[%clk
0:47:57]} Rfd8 {[%clk 0:46:31]} 19. b4 {[%clk 0:38:56]} Na4 {[%clk 0:44:42]} 20.
Nb3 {[%clk 0:35:36]} Nb2 {[%clk 0:37:23]} 21. Qe2 {[%clk 0:22:57]} Nc4 {[%clk
0:34:07]} 22. Ra1 {[%clk 0:20:28]} Nxe3 {[%clk 0:31:28]} 23. Qxe3 {[%clk
0:20:21]} Be5 {[%clk 0:26:16]} 24. Rad1 {[%clk 0:17:15]} Qc3 {[%clk 0:20:38]} 25.
Nc5 {[%clk 0:12:21]} g6 {[%clk 0:19:21]} 26. Kh1 {[%clk 0:11:09]} Bd4 {[%clk
0:18:42]} 27. Qe1 {[%clk 0:10:14]} Qxe1 {[%clk 0:17:35]} 28. Rfxe1 {[%clk
0:10:35]} Bxc5 {[%clk 0:17:58]} 29. bxc5 {[%clk 0:10:47]} Rxc5 {[%clk 0:18:07]}
30. Ra1 {[%clk 0:08:38]} Bc6 {[%clk 0:15:33]} 31. Kg1 {[%clk 0:08:24]} Rd4 {[%clk
0:15:27]} 32. Reb1 {[%clk 0:03:42]} a5 {[%clk 0:10:33]} 33. Kf1 {[%clk 0:02:16]}
Kg7 {[%clk 0:09:18]} 34. Kg1 {[%clk 0:01:45]} Kf6 {[%clk 0:09:29]} 35. Kf1 {[%clk
0:01:29]} Ke7 {[%clk 0:08:30]} 36. Kg1 {[%clk 0:01:12]} Kd6 {[%clk 0:08:50]} 37.
Kf1 {[%clk 0:01:13]} Kc7 {[%clk 0:08:16]} 38. Ke1 {[%clk 0:01:00]} Re5+ {[%clk
0:07:53]} 39. Kf2 {[%clk 0:01:00]} Ra4 {[%clk 0:06:58]} 40. g3 {[%clk 0:00:34]}
Kb6 {[%clk 0:06:50]} 41. c4 {[%clk 0:00:34]} b4 {[%clk 0:02:36]} 42. Bc2 {[%clk
0:00:40]} b3 {[%clk 0:01:24]} 43. Bxb3 {[%clk 0:00:59]} Kc5 {[%clk 0:01:49]} 44.
Bxa4 {[%clk 0:01:05]} Bxa4 {[%clk 0:02:33]} 45. Rc1 {[%clk 0:01:05]} Bb3 {[%clk
0:02:33]} 46. Rab1 {[%clk 0:00:36]} a4 {[%clk 0:02:49]} 47. Rb2 {[%clk 0:00:48]}
h5 {[%clk 0:01:42]} 48. h4 {[%clk 0:00:53]} g5 {[%clk 0:01:43]} 49. Kg2 {[%clk
0:00:33]} gxh4 {[%clk 0:01:56]} 50. gxh4 {[%clk 0:00:58]} Re3 {[%clk 0:02:14]}
51. Kf2 {[%clk 0:00:45]} Rd3 {[%clk 0:02:39]} 52. Kg3 {[%clk 0:00:37]} Rd4 {[%clk
0:02:52]} 53. Re2 {[%clk 0:00:32]} Bxc4 {[%clk 0:01:58]} 54. Re5+ {[%clk
0:00:34]} Kd6 {[%clk 0:02:26]} 55. Rxh5 {[%clk 0:00:40]} Bd5 {[%clk 0:02:41]} 56.
Rh7 {[%clk 0:00:33]} f5 {[%clk 0:02:59]} 57. Rhc7 {[%clk 0:00:35]} e5 {[%clk
0:02:33]} 58. h5 {[%clk 0:00:46]} f4+ {[%clk 0:02:43]} 59. Kg4 {[%clk 0:00:35]}
Rd2 {[%clk 0:02:36]} 60. R7c2 {[%clk 0:00:32]} Rd3 {[%clk 0:02:59]} 61. Rc3
{[%clk 0:00:55]} Rd2 {[%clk 0:03:23]} 62. R1c2 {[%clk 0:00:49]} Rd1 {[%clk
0:03:14]} 63. Rg2 {[%clk 0:00:34]} Ke7 {[%clk 0:02:30]} 64. Kf5 {time[%clk
0:00:34]} 0-1

[Event "U14 Polish Youth Championship"]
[Site "chess24.com"]
[Date "2018.04.29"]
[Round "1"]
[White "Czechowski, Jakub"]
[Black "Skawinski, Szymon"]
[Result "1-0"]
[Board "23"]
[WhiteElo "1770"]
[WhiteCountry "POL"]
[WhiteFideId "21820511"]
[WhiteEloChange "2"]
[BlackElo "1399"]
[BlackCountry "POL"]
[BlackFideId "21802149"]
[BlackEloChange "-2"]

1. d4 {[%clk 1:30:59]} d5 {[%clk 1:30:39]} 2. c4 {[%clk 1:31:22]} e6 {[%clk
1:31:01]} 3. Nc3 {[%clk 1:31:46]} c6 {[%clk 1:31:10]} 4. Nf3 {[%clk 1:22:56]}
dxc4 {[%clk 1:31:10]} 5. a4 {[%clk 1:22:21]} Bb4 {[%clk 1:27:46]} 6. Bd2 {[%clk
1:21:59]} a5 {[%clk 1:14:36]} 7. e3 {[%clk 1:20:37]} b5 {[%clk 1:14:10]} 8. Ne5
{[%clk 1:19:54]} Nf6 {[%clk 1:00:12]} 9. Qf3 {[%clk 1:19:12]} Bxc3 {[%clk
0:49:54]} 10. Bxc3 {[%clk 1:18:33]} Qd5 {[%clk 0:47:56]} 11. axb5 {[%clk
1:16:49]} Qxf3 {[%clk 0:41:53]} 12. gxf3 {[%clk 1:16:50]} cxb5 {[%clk 0:34:37]}
13. b3 {[%clk 1:13:33]} Bb7 {[%clk 0:31:41]} 14. Rxa5 {[%clk 1:13:33]} Nd5 {[%clk
0:31:41]} 15. Rxa8 {[%clk 1:13:21]} Bxa8 {[%clk 0:32:05]} 16. Bb2 {[%clk
1:02:27]} Nb6 {[%clk 0:16:39]} 17. bxc4 {[%clk 1:02:02]} Nxc4 {[%clk 0:16:39]}
18. Bxc4 {[%clk 1:02:30]} bxc4 {[%clk 0:16:35]} 19. Ke2 {[%clk 1:00:08]} O-O
{[%clk 0:13:12]} 20. e4 {[%clk 0:59:15]} Rc8 {[%clk 0:11:11]} 21. Ra1 {[%clk
0:56:44]} Bc6 {[%clk 0:11:27]} 22. Nxc6 {[%clk 0:57:01]} Nxc6 {[%clk 0:10:48]}
23. Bc3 {[%clk 0:57:01]} h6 {[%clk 0:10:48]} 24. Rg1 {[%clk 0:57:02]} g6 {[%clk
0:10:03]} 25. Ra1 {[%clk 0:57:32]} Rd8 {[%clk 0:09:30]} 26. Ke3 {[%clk 0:57:10]}
Rb8 {[%clk 0:07:46]} 27. Ra4 {[%clk 0:55:38]} Ne7 {[%clk 0:05:18]} 28. Rxc4
{[%clk 0:55:15]} Rd8 {[%clk 0:05:18]} 29. Bb4 {[%clk 0:55:15]} Nc8 {[%clk
0:04:34]} 30. Bc5 {[%clk 0:55:31]} Nd6 {[%clk 0:05:10]} 31. Bxd6 {[%clk 0:55:14]}
Rxd6 {[%clk 0:04:58]} 32. Rc5 {[%clk 0:52:05]} Kf8 {[%clk 0:04:58]} 33. d5 {[%clk
0:52:31]} exd5 {[%clk 0:03:32]} 34. exd5 {[%clk 0:52:21]} Ke7 {[%clk 0:03:32]}
35. Ke4 {[%clk 0:52:37]} Kd7 {[%clk 0:03:05]} 36. Ra5 {[%clk 0:52:50]} Ke7 {[%clk
0:03:10]} 37. Ra7+ {[%clk 0:52:50]} Kf6 {[%clk 0:03:28]} 38. Rc7 {[%clk 0:52:08]}
Rd8 {[%clk 0:03:17]} 39. Rc6+ {[%clk 0:51:21]} Ke7 {[%clk 0:03:10]} 40. Kd4
{[%clk 0:51:24]} Rd7 {[%clk 0:02:38]} 41. Kc5 {[%clk 0:51:24]} h5 {[%clk
0:02:38]} 42. h4 {[%clk 0:50:49]} f6 {[%clk 0:02:47]} 43. Re6+ {[%clk 0:51:09]}
Kf7 {[%clk 0:02:32]} 44. Re3 {[%clk 0:51:08]} g5 {[%clk 0:02:14]} 45. Kc6 {[%clk
0:51:08]} Rd8 {[%clk 0:01:28]} 46. d6 {[%clk 0:51:21]} Kg6 {[%clk 0:01:52]} 47.
d7 {[%clk 0:51:37]} gxh4 {[%clk 0:01:53]} 48. Kc7 {[%clk 0:52:05]} Rxd7+ {[%clk
0:02:14]} 49. Kxd7 {[%clk 0:51:48]} Kg5 {[%clk 0:02:35]} 50. Ke6 {[%clk 0:51:23]}
h3 {[%clk 0:02:31]} 51. Re1 {[%clk 0:51:16]} Kf4 {[%clk 0:02:30]} 52. Rh1 {[%clk
0:51:34]} Kxf3 {[%clk 0:02:53]} 53. Rxh3+ {[%clk 0:51:58]} Kg4 {[%clk 0:03:19]}
54. Rg3+ {[%clk 0:52:17]} Kf4 {[%clk 0:03:32]} 55. Kxf6 {[%clk 0:52:44]} h4
{[%clk 0:03:45]} 56. Ra3 {[%clk 0:52:38]} Kg4 {[%clk 0:03:59]} 57. Ke5 {[%clk
0:53:04]} h3 {[%clk 0:04:19]} 58. Rxh3 {[%clk 0:53:33]} Kxh3 {[%clk 0:04:25]} 59.
f4 {[%clk 0:53:58]} 1-0